000 00813nam a2200205Ia 4500
005 20241129111304.0
008 241129s9999||||xx |||||||||||||| ||und||
037 _aTB
040 _aCRL
_bpun
_cCRL
041 _apun
_2pun
084 _aO153,2:gN Q5
_qCRL
100 _aਭਾਟੀਆ, ਹਰਿਭਜਨ ਸਿੰਘ, ਚ।
_9156325
245 0 _aਇੱਕੀਵੀਂ ਸਦੀ ਦਾ ਪੰਜਾਬੀ ਨਾਟਕ
_cਭਾਟੀਆ, ਹਰਿਭਜਨ ਸਿੰਘ, ਚ।
260 _aਅੰਮ੍ਰਿਤਸਰ, ਭਾਰਤ
_bਅੰਮ੍ਰਿਤਸਰ ਗੁਰੂ ਨਾਨਕ ਦੇਵ ਯੂਨੀਵਰਸਿਟੀ
_c2015
300 _a169ਪ੍ਰ0
365 _aINR
_b350
650 _aPunjabi LiteratureDrama
_9726332
942 _cTB
_hO153,2:gN Q5
999 _c1229758
_d1229758